00409nam a22001572 4500001001100000005001700011008004100028040001500069100003100084245004700115250001300162260002800175300001200203651003300215852000300248000001180020151217155848.0090108s xx 000 0 eng d aKABUcKABU1 aJohnson, H. H.@000016781414aThe Opening up of Africa /cH. H. Johnson. a1st ed. aLondon :bH. Holt,c[?] a254 p. 0aAfricaxHistory.@00001489351